[Event "Eastern Asia-ch U14 Girls"]
[Site "Tornelo INT"]
[Date "2021.10.23"]
[Round "5"]
[White "Wang, Xin Ran Claire"]
[Black "Kimaya, Yaduvanshi"]
[Result "0-1"]
[WhiteElo "1177"]
[BlackElo "1055"]
[PlyCount "144"]
[EventDate "2021.10.22"]
[EventType "swiss"]
[EventRounds "9"]
[EventCountry "NET"]
[SourceTitle "EXT 2023"]
[Source "ChessBase"]
[SourceDate "2022.10.05"]
[SourceVersion "1"]
[SourceVersionDate "2022.10.05"]
[SourceQuality "1"]

1. d4 d5 2. c4 e6 3. Nc3 Nf6 4. cxd5 exd5 5. Bg5 Be7 6. e3 0-0 7. Nf3 c6 8. Bd3 Nbd7 9. 0-0 Re8 10. Re1 Ne4 11. Bxe7 Qxe7 12. Rc1 Ndf6 13. Ne5 Nd7 14. Nxd7 Bxd7 15. f3 Nxc3 16. Rxc3 Qg5 17. e4 dxe4 18. Bxe4 f5 19. Bd3 Rxe1+ 20. Qxe1 Re8 21. Bc4+ Kh8 22. Qf2 h6 23. f4 Qf6 24. Re3 Rd8 25. Kh1 Qxd4 26. Qe2 Qxf4 27. Rf3 Qg5 28. Bd3 Re8 29. Qd1 f4 30. Qd2 Re3 31. Bc2 Rxf3 32. gxf3 Be6 33. Qd3 Bg8 34. Qe4 Qb5 35. Bd3 Qxb2 36. Qxf4 Qa1+ 37. Kg2 Qxa2+ 38. Kg3 Qf7 39. Qe4 Qd5 40. Qe2 c5 41. Be4 Qe5+ 42. Kf2 Qxh2+ 43. Ke3 Qxe2+ 44. Kxe2 b5 45. Kd3 Bc4+ 46. Kc3 a5 47. Kb2 a4 48. Bf5 b4 49. f4 a3+ 50. Ka1 b3 51. Kb1 b2 52. Bc2 Kg8 53. f5 h5 54. f6 gxf6 55. Bb3 a2+ 56. Bxa2 Bxa2+ 57. Kxa2 h4 58. Kxb2 h3 59. Kc3 h2 60. Kc4 h1Q 61. Kxc5 Qe4 62. Kd6 Kf7 63. Kd7 Qe6+ 64. Kd8 f5 65. Kc7 f4 66. Kb7 f3 67. Kc7 f2 68. Kd8 f1Q 69. Kc7 Qd3 70. Kb8 Qc6 71. Ka7 Qdd7+ 72. Kb8 Qcc8# 0-1